00513nam a2200181 a 4500001001300000003000900013005001700022008004100039020002300080082001700103100002600120245004300146260005400189300000900243500003500252505001800287700002600305nice12345678IN_TiNIC20260116013312.0050524s2000 newa grp 000 0 eng  a8174352325 c10000a297.211bHAS aHasan Al Anna, Shaikh aConcept of Allah in the Islamic Creed. aNew Delhi bAdam Publisher and Distributer c2000 a165p aincludes index and biblioraphy2 aGeneral Index1 aHasan Al Anna, Shaikh